Enveloping algebras
Guardat en:
| Autor principal: | |
|---|---|
| Format: | Llibre |
| Idioma: | anglès |
| Publicat: |
Providence
American Mathematical Society
1996
|
| Col·lecció: | Graduate Studies in Mathematics, 11
|
| Matèries: | |
| Etiquetes: |
Afegir etiqueta
Sense etiquetes, Sigues el primer a etiquetar aquest registre!
|
MARC
| LEADER | 00000nam a2200000 a 4500 | ||
|---|---|---|---|
| 001 | UCT8283 | ||
| 003 | CL-VaPUC | ||
| 008 | 970326e19960000US |||||||||||||||||eng|d | ||
| 082 | 0 | 4 | |a 512.2 |b DIX |2 21 |
| 100 | |a Dixmier, Jacques |e author |9 423117 | ||
| 245 | 1 | 0 | |a Enveloping algebras |
| 300 | |a 379 p | ||
| 942 | |c BK | ||
| 945 | |d 19970326 00:00:00 |a nastorga | ||
| 260 | |a Providence |b American Mathematical Society |c 1996 | ||
| 650 | 0 | |a Álgebra |9 259567 | |
| 650 | 0 | |a Topología |9 260092 | |
| 650 | 0 | |a Módulos |9 356144 | |
| 650 | 0 | |a Ejercicios |9 269807 | |
| 583 | |a last modification |c 20130422 12:26:27 |k Rodrigo Vera | ||
| 490 | 0 | |a Graduate Studies in Mathematics, 11 | |
| 999 | |c 256796 |d 256794 | ||
| 952 | |0 0 |1 0 |4 0 |6 512_200000000000000_DIX_1996 |7 0 |8 A |9 279775 |a BIBMAT |b BIBMAT |d 2019-11-19 |i 3293408 |o 512.2 DIX 1996 |p 3293408 |r 2025-01-07 |w 2019-11-19 |y BK |k MAT | ||